| 000 | 01049nmc a2200397 a 4500 | ||
|---|---|---|---|
| 003 | AR-BaBNM | ||
| 005 | 20251128204317.0 | ||
| 008 | 015119s1986 ||||||||||||||000 | spa|| | ||
| 020 | _a950-500-150-9 | ||
| 040 | _cAR-BaBNM | ||
| 100 | 1 | _aLuddojoski, Roque Luis | |
| 245 | 1 | 0 |
_aAndragogía _beducación del adulto |
| 250 | _a4ª ed. | ||
| 260 |
_aBuenos Aires _bGuadalupe _c1986 |
||
| 300 | 0 |
_a181 p. _bgráfs. |
|
| 490 | 0 |
_aHombre _vv. 3 |
|
| 500 | 0 | _aPrólogo por el autor | |
| 504 | _aBibliografía p. 179-181 | ||
| 600 | 1 | 4 | _aDottrens, Robert |
| 650 | 4 | _aADULTOS | |
| 650 | 4 | _aAPRENDIZAJE DE ADULTOS | |
| 650 | 4 | _aROL DEL DOCENTE | |
| 650 | 4 | _aAUTOAPRENDIZAJE | |
| 650 | 4 | _aALUMNOS ADULTOS | |
| 650 | 4 | _aEDUCACION PERMANENTE | |
| 650 | 4 | _aDIDACTICA | |
| 650 | 4 | _aCOMPORTAMIENTO DEL ALUMNO | |
| 650 | 4 | _aCURRICULO | |
| 650 | 4 | _aEDUCACION DE ADULTOS | |
| 650 | 4 | _aENSENANZA PROGRAMADA | |
| 653 | 0 | _aPSICOPEDAGOGIA | |
| 653 | 0 | _aINVESTIGACION EDUCATIVA | |
| 653 | 0 | _aPLAN DALTON | |
| 942 | _cBK | ||
| 998 | _cCarmen | ||
| 999 |
_c6977 _d6977 |
||